[Event "Europa ch 2014"]
[Site "Yerevan ARM"]
[Date "2014.03.13"]
[Round "10.111"]
[White "Hudyakov, Sergey"]
[Black "Dilanyan, Grigor"]
[Result "1-0"]
[WhiteElo "2107"]
[BlackElo "2266"]
[PlyCount "187"]
[EventDate "2014.03.03"]
[EventType "swiss"]
[EventRounds "11"]
[EventCountry "ARM"]
[Source "lmi"]
[SourceDate "2014.03.02"]

1. d4 Nf6 2. c4 e6 3. Nc3 c5 4. d5 exd5 5. cxd5 Bd6 6. e4 O-O 7. Bd3 Re8 8. Qf3
Be5 9. Nge2 d6 10. h3 a6 11. a4 Nbd7 12. O-O Qe7 13. Re1 Bd4 14. Qg3 Ne5 15.
Bc2 Nh5 16. Qg5 Qxg5 17. Bxg5 Bxh3 18. gxh3 Nf3+ 19. Kg2 Nxg5 20. h4 Bf6 21.
hxg5 Bxg5 22. Rf1 Nf4+ 23. Nxf4 Bxf4 24. Ne2 Be5 25. f4 Bf6 26. Kf3 b5 27. Ra2
c4 28. b3 g6 29. Rb1 Reb8 30. axb5 axb5 31. Rxa8 Rxa8 32. bxc4 bxc4 33. Rb4
Ra3+ 34. Kf2 Bh4+ 35. Kg2 Re3 36. Ng1 Rg3+ 37. Kf1 Rc3 38. Ba4 h5 39. Rb2 Ra3
40. Bb5 c3 41. Rc2 Bf6 42. Nf3 Bg7 43. e5 dxe5 44. fxe5 Kf8 45. d6 Rb3 46. Bc6
h4 47. Ra2 Rb1+ 48. Kg2 Rb2+ 49. Rxb2 cxb2 50. Be4 f5 51. Bb1 g5 52. e6 h3+ 53.
Kh1 g4 54. Bxf5 gxf3 55. e7+ Kf7 56. Bg6+ Kxg6 57. e8=Q+ Kg5 58. Qe3+ Kg4 59.
Qe4+ Kg5 60. d7 Bf6 61. d8=Q Bxd8 62. Qe5+ Kg4 63. Qxb2 Bg5 64. Qf2 Bf4 65. Qd4
h2 66. Qe4 Kg3 67. Qf5 f2 68. Qd3+ Kg4 69. Kg2 Kg5 70. Qd5+ Kf6 71. Kxf2 Be5
72. Kg2 Kf5 73. Kh3 Kf6 74. Kg4 Bb8 75. Qc6+ Ke5 76. Qb5+ Kd4 77. Qb4+ Ke3 78.
Qb7 Kf2 79. Kh3 Be5 80. Qg2+ Ke3 81. Kg4 Bb8 82. Qf3+ Kd4 83. Kf5 Bc7 84. Qe4+
Kc3 85. Ke6 Bb8 86. Kd5 Bc7 87. Kc5 Bb8 88. Qf3+ Kd2 89. Kc4 Be5 90. Qf2+ Kc1
91. Qg2 Bf4 92. Kd3 Kb1 93. Kc3 Be5+ 94. Kb3 1-0

[Event "Europa ch 2014"]
[Site "Yerevan ARM"]
[Date "2014.03.13"]
[Round "10.112"]
[White "Kanjaryan, Vladimir"]
[Black "Pogosian, Georgy"]
[Result "0-1"]
[WhiteElo "2067"]
[BlackElo "2234"]
[PlyCount "86"]
[EventDate "2014.03.03"]
[EventType "swiss"]
[EventRounds "11"]
[EventCountry "ARM"]
[Source "lmi"]
[SourceDate "2014.03.02"]

1. e4 e6 2. d4 d5 3. e5 c5 4. c3 Nc6 5. Nf3 Bd7 6. Bd3 cxd4 7. cxd4 Qb6 8. Bc2
Nb4 9. O-O Nxc2 10. Qxc2 Nh6 11. Rd1 Nf5 12. g4 Ne7 13. Qd2 Ng6 14. Nc3 Be7 15.
Qe2 O-O 16. Be3 Rac8 17. Kh1 f5 18. exf6 Bxf6 19. g5 Be7 20. Ne5 Be8 21. Qg4
Rd8 22. Ne2 Kh8 23. b3 Qa6 24. Nf4 Nxf4 25. Bxf4 Bg6 26. Re1 Bf5 27. Qh5 g6 28.
Qh6 Kg8 29. Kg1 Rfe8 30. Rac1 Bf8 31. Qh4 Qb6 32. Ng4 Bxg4 33. Bc7 Qxd4 34. Be5
Qd3 35. Qxg4 Qf5 36. Qg3 Rc8 37. Rcd1 Rc2 38. Re3 Bc5 39. Rf3 Bxf2+ 40. Rxf2
Rxf2 41. Bf6 Rf4 42. h3 Rc8 43. Re1 h5 0-1

[Event "Europa ch 2014"]
[Site "Yerevan ARM"]
[Date "2014.03.13"]
[Round "10.113"]
[White "Gharagyozyan, Artur"]
[Black "Sargsyan, Shushanna"]
[Result "0-1"]
[WhiteElo "2216"]
[BlackElo "2093"]
[PlyCount "115"]
[EventDate "2014.03.03"]
[EventType "swiss"]
[EventRounds "11"]
[EventCountry "ARM"]
[Source "lmi"]
[SourceDate "2014.03.02"]

1. e4 c6 2. Nc3 d5 3. Nf3 Bg4 4. h3 Bxf3 5. Qxf3 d4 6. Ne2 e5 7. Ng3 Nf6 8. Bc4
Nbd7 9. Qb3 Nc5 10. Bxf7+ Ke7 11. Qc4 Kd7 12. Qe2 Qe7 13. Bb3 a5 14. O-O h5 15.
c3 d3 16. Qf3 Kc7 17. Bc4 h4 18. Nf5 Qd7 19. b4 Ncxe4 20. Bxd3 Ng5 21. Qe3 Nf7
22. f4 Nd5 23. Qe4 exf4 24. bxa5 Rxa5 25. Bc4 g5 26. Nd4 Bc5 27. Bxd5 Qxd5 28.
Re1 Qxe4 29. Rxe4 Nd6 30. Re7+ Kd8 31. Re5 Re8 32. Rxe8+ Kxe8 33. Bb2 Nc4 34.
Bc1 Ne5 35. Kf1 Bxd4 36. cxd4 Nd3 37. Ke2 Rxa2 38. Rb1 Nxc1+ 39. Rxc1 Ra5 40.
Rb1 Rb5 41. Re1 Kf7 42. Rc1 Ke6 43. Ra1 Kd5 44. Ra4 Rb3 45. Ra5+ b5 46. Ra7 Rg3
47. Kf2 Kxd4 48. Rd7+ Ke5 49. d4+ Ke4 50. Rd6 b4 51. Rxc6 Kxd4 52. Rb6 Kc3 53.
Rc6+ Kb2 54. Rc5 b3 55. Kf1 Kb1 56. Kg1 b2 57. Kh2 Ka2 58. Rb5 0-1

[Event "Europa ch 2014"]
[Site "Yerevan ARM"]
[Date "2014.03.13"]
[Round "10.114"]
[White "Matevosyan, Sedrak"]
[Black "Hakobyan, Aram"]
[Result "0-1"]
[WhiteElo "2213"]
[BlackElo "2103"]
[PlyCount "119"]
[EventDate "2014.03.03"]
[EventType "swiss"]
[EventRounds "11"]
[EventCountry "ARM"]
[Source "lmi"]
[SourceDate "2014.03.02"]

1. c4 e6 2. g3 Nf6 3. Bg2 c5 4. Nf3 a6 5. O-O Qc7 6. Nc3 Be7 7. b3 b6 8. Bb2
Bb7 9. Re1 O-O 10. e4 d6 11. d4 cxd4 12. Nxd4 Nbd7 13. Rc1 Rac8 14. f4 Qb8 15.
e5 dxe5 16. fxe5 Ne8 17. Bxb7 Qxb7 18. Nf3 b5 19. cxb5 axb5 20. Qe2 Nxe5 21.
Qxe5 Qxf3 22. Nxb5 Rxc1 23. Bxc1 Nf6 24. Qe2 Qd5 25. Be3 Rc8 26. Rd1 Qe4 27.
Qd3 Qf3 28. Nd4 Qh5 29. Kg2 Rd8 30. Bg1 e5 31. Re1 Bc5 32. Qf5 Bxd4 33. Qxh5
Nxh5 34. a4 f5 35. b4 Nf6 36. b5 Ra8 37. Bxd4 exd4 38. Ra1 Nd5 39. a5 d3 40.
Kf2 Kf7 41. Ke1 Ne3 42. b6 Rxa5 43. Rxa5 d2+ 44. Kxd2 Nc4+ 45. Kd3 Nxa5 46. Kd4
Ke6 47. Kd3 g5 48. Kd4 Nb7 49. Ke3 Ke5 50. Kf3 h5 51. Ke3 g4 52. Kd3 f4 53.
gxf4+ Kxf4 54. Ke2 h4 55. Kf2 Nc5 56. Kg2 Ke3 57. Kf1 Kf3 58. Kg1 g3 59. hxg3
hxg3 60. Kf1 0-1

[Event "Europa ch 2014"]
[Site "Yerevan ARM"]
[Date "2014.03.13"]
[Round "10.115"]
[White "Kuehn, Matthias"]
[Black "Hairapetian, Anna"]
[Result "0-1"]
[WhiteElo "1957"]
[BlackElo "2188"]
[PlyCount "94"]
[EventDate "2014.03.03"]
[EventType "swiss"]
[EventRounds "11"]
[EventCountry "ARM"]
[Source "lmi"]
[SourceDate "2014.03.02"]

1. e4 c5 2. Nc3 Nc6 3. f4 g6 4. Nf3 Bg7 5. d3 e6 6. g3 Nge7 7. Bg2 d6 8. O-O
O-O 9. Ne2 Rb8 10. c3 b5 11. d4 b4 12. dxc5 dxc5 13. Be3 Ba6 14. Re1 Bxe2 15.
Rxe2 bxc3 16. bxc3 Bxc3 17. Qxd8 Rfxd8 18. Rc1 Bd4 19. Kf2 a5 20. Rd2 Rb4 21.
Bf1 Rdb8 22. Bc4 Rb2 23. Rcc2 Rxc2 24. Rxc2 a4 25. Ke2 Rb1 26. Bxd4 cxd4 27.
Rd2 Rb4 28. Kd3 Nc8 29. a3 Rb1 30. Ba2 Ra1 31. Nxd4 N6a7 32. Kc3 Nd6 33. Re2
Nxe4+ 34. Kb4 Kg7 35. Kxa4 Nc3+ 36. Kb3 Nxe2 37. Nxe2 Nb5 38. Kb2 Rh1 39. h4
Rh2 40. Bc4 Nd4 41. a4 Nxe2 42. a5 Nd4+ 43. Kc3 Nc6 44. a6 Rg2 45. Bb5 Rxg3+
46. Kc4 Na7 47. Bd7 Ra3 0-1

[Event "Europa ch 2014"]
[Site "Yerevan ARM"]
[Date "2014.03.13"]
[Round "10.116"]
[White "Danielyan, Vahe"]
[Black "Pavlidou, Ekaterini"]
[Result "0-1"]
[WhiteElo "1919"]
[BlackElo "2188"]
[PlyCount "84"]
[EventDate "2014.03.03"]
[EventType "swiss"]
[EventRounds "11"]
[EventCountry "ARM"]
[Source "lmi"]
[SourceDate "2014.03.02"]

1. e4 c5 2. Nf3 d6 3. d4 Nf6 4. Nc3 cxd4 5. Nxd4 Nc6 6. Rg1 a6 7. h3 e6 8. Be3
Be7 9. Qd2 O-O 10. g4 Nxd4 11. Qxd4 b5 12. O-O-O Qc7 13. g5 Nd7 14. f4 Rd8 15.
h4 Bf8 16. h5 Rb8 17. Bh3 Nc5 18. g6 e5 19. fxe5 Bxh3 20. gxh7+ Kh8 21. h6 Ne6
22. hxg7+ Bxg7 23. exd6 Qxc3 24. Qxc3 Bxc3 25. bxc3 f5 26. e5 f4 27. Bf2 Rd7
28. Bh4 Kxh7 29. Rh1 Bg2 30. Rh2 f3 31. Kd2 Kg6 32. Ke3 Rh8 33. Kf2 Kf5 34. Bg3
Rxh2 35. Bxh2 Ng5 36. e6 Ne4+ 37. Ke3 Kxe6 38. Kxe4 f2+ 39. Kd4 f1=Q 40. Rxf1
Bxf1 41. Kc5 Rh7 42. Bg3 Rh3 0-1

[Event "Europa ch 2014"]
[Site "Yerevan ARM"]
[Date "2014.03.13"]
[Round "10.117"]
[White "Hoghmrtsyan, Artur"]
[Black "Nikolaidis, Konstantinos"]
[Result "1/2-1/2"]
[WhiteElo "1878"]
[BlackElo "2186"]
[PlyCount "69"]
[EventDate "2014.03.03"]
[EventType "swiss"]
[EventRounds "11"]
[EventCountry "ARM"]
[Source "lmi"]
[SourceDate "2014.03.02"]

1. e4 c6 2. d4 d5 3. Nd2 dxe4 4. Nxe4 Bf5 5. Ng3 Bg6 6. h4 h6 7. Nf3 Nd7 8. h5
Bh7 9. Bd3 Bxd3 10. Qxd3 e6 11. Bf4 Qa5+ 12. Bd2 Bb4 13. c3 Be7 14. c4 Qc7 15.
O-O-O Ngf6 16. Kb1 O-O 17. Rde1 b5 18. cxb5 cxb5 19. Rc1 Qb7 20. Nh4 Qd5 21.
Rce1 Bd6 22. f4 Rfe8 23. Nf3 Red8 24. Ne4 Nxe4 25. Qxe4 Nf6 26. Qxd5 exd5 27.
Ne5 Ne4 28. Be3 Rac8 29. g4 Rc7 30. Rhg1 Rdc8 31. Rg2 a6 32. Nf3 Nf6 33. Ne5
Ne4 34. Nf3 Nf6 35. Ne5 1/2-1/2

[Event "Europa ch 2014"]
[Site "Yerevan ARM"]
[Date "2014.03.13"]
[Round "10.118"]
[White "Simonyan, Latush"]
[Black "Tiraturyan, David"]
[Result "0-1"]
[WhiteElo "1799"]
[BlackElo "2201"]
[PlyCount "92"]
[EventDate "2014.03.03"]
[EventType "swiss"]
[EventRounds "11"]
[EventCountry "ARM"]
[Source "lmi"]
[SourceDate "2014.03.02"]

1. e4 d6 2. d4 Nf6 3. Nc3 e5 4. Nf3 Nbd7 5. Bc4 Be7 6. O-O O-O 7. Re1 a6 8. a4
b6 9. Bg5 Bb7 10. Qd2 c6 11. dxe5 Nxe5 12. Be2 b5 13. b4 h6 14. Bf4 Ng6 15. Bg3
d5 16. e5 Ne4 17. Nxe4 dxe4 18. Nd4 Qd5 19. Qc3 Nxe5 20. Rad1 Bf6 21. Qe3 Nc4
22. Bxc4 Qxc4 23. Nf5 Bc8 24. Nd6 Qxb4 25. Qb6 Qxa4 26. Qxc6 Be6 27. Nxe4 Be7
28. Be5 Rfc8 29. Qb7 Bf8 30. c3 Qc4 31. Qb6 Rc6 32. Qe3 Bg4 33. Rd4 Qe6 34. Qg3
Re8 35. Nf6+ Qxf6 36. Rxg4 g6 37. f4 Qf5 38. h3 a5 39. Ra1 a4 40. Qf3 Rc5 41.
Kh2 Rd8 42. Rg3 Rcd5 43. Qe3 Bd6 44. c4 Rxe5 45. fxe5 Bxe5 46. Rc1 Rd3 0-1

[Event "Europa ch 2014"]
[Site "Yerevan ARM"]
[Date "2014.03.13"]
[Round "10.119"]
[White "Aleksanyan, Hrant"]
[Black "Vatinyan, Gor"]
[Result "1-0"]
[WhiteElo "2003"]
[BlackElo "2176"]
[PlyCount "87"]
[EventDate "2014.03.03"]
[EventType "swiss"]
[EventRounds "11"]
[EventCountry "ARM"]
[Source "lmi"]
[SourceDate "2014.03.02"]

1. d4 c5 2. d5 Nf6 3. Nc3 d6 4. e4 g6 5. Nf3 Bg7 6. Be2 O-O 7. O-O Ng4 8. Nd2
h5 9. h3 Nf6 10. a4 Na6 11. Nc4 Nc7 12. Re1 Bd7 13. Bf1 b5 14. axb5 Nxb5 15.
Nxb5 Bxb5 16. c3 Qc7 17. Bf4 Bxc4 18. Bxc4 Nd7 19. Qc2 a5 20. Rad1 Rfb8 21. Bc1
a4 22. f4 Qa5 23. Re3 Nb6 24. Be2 a3 25. bxa3 Na4 26. e5 c4 27. e6 Nxc3 28.
exf7+ Kxf7 29. Rg3 Rg8 30. Qxg6+ Kf8 31. Qf5+ Ke8 32. Bxh5+ Kd8 33. Rxg7 Rxg7
34. Qf8+ Kd7 35. Qxg7 Nxd1 36. Bg4+ Kd8 37. Qf8+ Kc7 38. Qxe7+ Kb6 39. Qxd6+
Kb7 40. Qe7+ Ka6 41. Bxd1 Qxd5 42. Bf3 Qd4+ 43. Be3 Qa1+ 44. Kh2 1-0

[Event "Europa ch 2014"]
[Site "Yerevan ARM"]
[Date "2014.03.13"]
[Round "10.120"]
[White "Karapetyan, Lusine"]
[Black "Nersisyan, Garnik"]
[Result "1/2-1/2"]
[WhiteElo "1985"]
[BlackElo "2063"]
[PlyCount "118"]
[EventDate "2014.03.03"]
[EventType "swiss"]
[EventRounds "11"]
[EventCountry "ARM"]
[Source "lmi"]
[SourceDate "2014.03.02"]

1. e4 e6 2. d4 d5 3. Nc3 dxe4 4. Nxe4 Nd7 5. Nf3 Be7 6. Bf4 Ngf6 7. Nxf6+ Bxf6
8. c3 O-O 9. Bd3 b6 10. O-O Bb7 11. Ne5 Nxe5 12. dxe5 Bg5 13. Qh5 Qxd3 14. Qxg5
Rad8 15. Qg4 Qg6 16. Qxg6 fxg6 17. Be3 Rd5 18. f4 g5 19. g3 Rfd8 20. Rae1 g4
21. Kf2 c5 22. Rc1 Rd3 23. Rfe1 Kf7 24. b4 c4 25. Bd4 Bf3 26. Rc2 Bd1 27. Rb2
R8xd4 28. cxd4 c3 29. Rb1 c2 30. Rc1 Rxd4 31. Ke3 Rxb4 32. Rexd1 cxd1=Q 33.
Rxd1 Ra4 34. Rd7+ Kf8 35. Rd2 h6 36. Rc2 g5 37. Rc8+ Kf7 38. Rc7+ Kf8 39. Rh7
gxf4+ 40. gxf4 Rxa2 41. Rxh6 Ke7 42. Rh7+ Kd8 43. f5 exf5 44. Kf4 b5 45. Kg5
Ra6 46. Kxf5 b4 47. Rb7 Rb6 48. Rxa7 b3 49. Ra1 b2 50. Rb1 Rb4 51. Ke6 Ke8 52.
Kf5 Kf7 53. e6+ Ke7 54. Ke5 Rb5+ 55. Kf4 Kxe6 56. Kxg4 Ke5 57. h4 Kd4 58. h5
Kc3 59. h6 Kc2 1/2-1/2

[Event "Europa ch 2014"]
[Site "Yerevan ARM"]
[Date "2014.03.13"]
[Round "10.121"]
[White "Gaboyan, Susanna"]
[Black "Yayloyan, Konstantin"]
[Result "1/2-1/2"]
[WhiteElo "2043"]
[BlackElo "1963"]
[PlyCount "82"]
[EventDate "2014.03.03"]
[EventType "swiss"]
[EventRounds "11"]
[EventCountry "ARM"]
[Source "lmi"]
[SourceDate "2014.03.02"]

1. Nf3 g6 2. g3 Nf6 3. Bg2 Bg7 4. O-O O-O 5. c4 d6 6. Nc3 c5 7. d4 Nc6 8. d5
Na5 9. Nd2 a6 10. a3 Qc7 11. e4 Bg4 12. Qc2 Bd7 13. Qd3 Rfc8 14. f4 Ng4 15. Nf3
b5 16. cxb5 Qa7 17. Kh1 axb5 18. h3 Nb3 19. Rb1 b4 20. hxg4 bxc3 21. bxc3 c4
22. Qc2 Nxc1 23. Qxc1 Qxa3 24. Rb7 Bxg4 25. Rxe7 Qxc3 26. e5 Qxc1 27. Rxc1 c3
28. exd6 c2 29. Ne1 Bf5 30. Be4 Bxe4+ 31. Rxe4 Rc5 32. d7 Kf8 33. Rxc2 Rxc2 34.
Nxc2 Rd8 35. Ne3 Rxd7 36. Kg2 Bc3 37. Kf3 Bd2 38. Rd4 Bxe3 39. Kxe3 Ke7 40. Ke4
Kd6 41. Rd2 f5+ 1/2-1/2

[Event "Europa ch 2014"]
[Site "Yerevan ARM"]
[Date "2014.03.13"]
[Round "10.122"]
[White "Sayadyan, Edvard"]
[Black "Parvanyan, Ashot"]
[Result "1/2-1/2"]
[WhiteElo "2010"]
[BlackElo "1804"]
[PlyCount "98"]
[EventDate "2014.03.03"]
[EventType "swiss"]
[EventRounds "11"]
[EventCountry "ARM"]
[Source "lmi"]
[SourceDate "2014.03.02"]

1. e4 e5 2. Nf3 Nc6 3. Bc4 Bc5 4. c3 Nf6 5. d4 exd4 6. cxd4 Bb4+ 7. Bd2 Nxe4 8.
Bxb4 Nxb4 9. Bxf7+ Kxf7 10. Qb3+ Kf8 11. Qxb4+ Qe7 12. Qxe7+ Kxe7 13. Nc3 Nxc3
14. bxc3 Re8 15. Kd2 d6 16. Rab1 Kf8 17. h4 b6 18. Rb4 c5 19. h5 Ba6 20. Rb2
Re2+ 21. Kc1 Rae8 22. Rd1 Rxb2 23. Kxb2 Be2 24. Rd2 Bxf3 25. gxf3 cxd4 26. cxd4
Re1 27. Rc2 Rd1 28. Kc3 Rh1 29. Kd3 Rxh5 30. Rc8+ Kf7 31. Rc7+ Kf6 32. Rxa7 Ra5
33. Rd7 d5 34. Ke3 g5 35. Rxh7 Ra3+ 36. Ke2 Rxa2+ 37. Ke3 Ra3+ 38. Ke2 Ra2+ 39.
Ke3 Ra3+ 40. Ke2 b5 41. Rd7 Ke6 42. Rg7 Ra2+ 43. Ke3 Ra3+ 44. Ke2 Ra2+ 45. Ke3
Ra3+ 46. Ke2 Ra2+ 47. Ke3 Ra3+ 48. Ke2 Ra2+ 49. Ke3 Ra3+ 1/2-1/2

[Event "Europa ch 2014"]
[Site "Yerevan ARM"]
[Date "2014.03.13"]
[Round "10.123"]
[White "Davtyan, Artur"]
[Black "Vardanian, Hamazasp"]
[Result "1/2-1/2"]
[WhiteElo "1843"]
[BlackElo "2138"]
[PlyCount "109"]
[EventDate "2014.03.03"]
[EventType "swiss"]
[EventRounds "11"]
[EventCountry "ARM"]
[Source "lmi"]
[SourceDate "2014.03.02"]

1. Nf3 f5 2. g3 Nf6 3. Bg2 g6 4. b3 d6 5. d4 Bg7 6. Bb2 O-O 7. O-O c6 8. c4 Qe8
9. Nbd2 Nbd7 10. Qc2 e5 11. dxe5 dxe5 12. e4 f4 13. Ba3 c5 14. gxf4 exf4 15. e5
Nxe5 16. Rae1 Nfd7 17. Nxe5 Nxe5 18. Bxc5 Rf5 19. Nf3 Qd8 20. Nxe5 Bxe5 21.
Bd5+ Kg7 22. Rxe5 Rxe5 23. Bd4 Qg5+ 24. Kh1 Kh6 25. Bxe5 Qxe5 26. Qe4 Qxe4+ 27.
Bxe4 Rb8 28. Rd1 Bh3 29. Rd3 Bg4 30. h3 Be6 31. Rd6 Bxh3 32. Rf6 Kg7 33. Rxf4
b6 34. Kh2 Be6 35. Rf3 Rd8 36. Bd3 Rd4 37. Re3 Kf6 38. Kg3 h5 39. Rf3+ Kg5 40.
Re3 Bg4 41. b4 Bf5 42. Bf1 Rd1 43. Bg2 h4+ 44. Kh2 Rd2 45. Kg1 Rxa2 46. c5 Rb2
47. Rc3 Rxb4 48. c6 Rb5 49. c7 Rc5 50. Rxc5 bxc5 51. Kh2 Bc8 52. Bh3 Bb7 53.
Bg2 Ba6 54. Bf1 Bc8 55. Bh3 1/2-1/2

[Event "Europa ch 2014"]
[Site "Yerevan ARM"]
[Date "2014.03.13"]
[Round "10.124"]
[White "Bykov, Egor"]
[Black "Henseler, Jorgen"]
[Result "1/2-1/2"]
[WhiteElo "2089"]
[BlackElo "2075"]
[PlyCount "99"]
[EventDate "2014.03.03"]
[EventType "swiss"]
[EventRounds "11"]
[EventCountry "ARM"]
[Source "lmi"]
[SourceDate "2014.03.02"]

1. d4 Nf6 2. Nf3 g6 3. Bg5 Bg7 4. c3 O-O 5. Nbd2 d6 6. e4 c5 7. dxc5 dxc5 8.
Bc4 Nc6 9. O-O Bg4 10. Qc2 Qc7 11. Rfe1 Bxf3 12. Nxf3 e6 13. Rad1 a6 14. a4 Na5
15. Bf1 c4 16. e5 Nd5 17. Qe4 b5 18. Qh4 Nc6 19. Qg3 Rae8 20. Re2 Nb6 21. axb5
axb5 22. Qh4 Nd5 23. Bh6 Rd8 24. Ng5 Nxe5 25. Bxg7 Kxg7 26. Qxh7+ Kf6 27. Ne4+
Ke7 28. Qh4+ f6 29. Red2 Rh8 30. Qg3 g5 31. Re1 Ng4 32. Qxc7+ Nxc7 33. Be2 Rxd2
34. Nxd2 Ne5 35. Nf3 Nc6 36. Bd1 Rd8 37. h3 Nd5 38. Kf1 Nf4 39. Bc2 Nd3 40.
Bxd3 Rxd3 41. Ke2 e5 42. Ra1 e4 43. Ne1 Rd7 44. Ra6 Ne5 45. Rb6 Rd5 46. Nc2 Nd3
47. Nd4 Nxb2 48. Rxb5 Rxb5 49. Nxb5 Ke6 50. g3 1/2-1/2

[Event "Europa ch 2014"]
[Site "Yerevan ARM"]
[Date "2014.03.13"]
[Round "10.125"]
[White "Mkrtchyan, Sargis R"]
[Black "Hakobyan, Hovhannes H"]
[Result "1-0"]
[WhiteElo "1909"]
[BlackElo "1869"]
[PlyCount "91"]
[EventDate "2014.03.03"]
[EventType "swiss"]
[EventRounds "11"]
[EventCountry "ARM"]
[Source "lmi"]
[SourceDate "2014.03.02"]

1. g3 Nf6 2. Bg2 c5 3. c4 g6 4. Nc3 Bg7 5. d3 O-O 6. e4 Nc6 7. Nge2 d6 8. a3
Ne8 9. Rb1 Nc7 10. b4 cxb4 11. axb4 Ne6 12. b5 Ncd4 13. Be3 Nxe2 14. Nxe2 Qa5+
15. Qd2 Qxd2+ 16. Kxd2 Nc5 17. d4 Nd7 18. f4 Nb6 19. Rhc1 Be6 20. d5 Bg4 21. c5
Na4 22. cxd6 exd6 23. Nd4 Rac8 24. f5 gxf5 25. h3 f4 26. gxf4 Bd7 27. Rg1 Kh8
28. Bf3 Rc4 29. Nc2 Nc3 30. Rb4 Rxb4 31. Nxb4 Nxb5 32. Nd3 Nd4 33. Bd1 Bxh3 34.
f5 Nb5 35. Nf4 Re8 36. Nxh3 Rxe4 37. Ng5 Re7 38. Bh5 Kg8 39. f6 Bxf6 40. Nxf7+
Kf8 41. Bh6+ Ke8 42. Nxd6+ Kd7 43. Nxb5 Re5 44. Bg4+ Ke7 45. Be6 a6 46. Rg8 1-0

[Event "Europa ch 2014"]
[Site "Yerevan ARM"]
[Date "2014.03.13"]
[Round "10.126"]
[White "Kleinert, Juergen"]
[Black "Rusek, Walter"]
[Result "1-0"]
[WhiteElo "2000"]
[BlackElo "1794"]
[PlyCount "137"]
[EventDate "2014.03.03"]
[EventType "swiss"]
[EventRounds "11"]
[EventCountry "ARM"]
[Source "lmi"]
[SourceDate "2014.03.02"]

1. e4 e6 2. d4 d5 3. Nc3 dxe4 4. Nxe4 Bd7 5. c4 Bc6 6. Nc3 Nf6 7. Be3 Be7 8.
Nf3 Bxf3 9. Qxf3 c6 10. Rd1 Qa5 11. Bd3 Nbd7 12. O-O O-O 13. Qh3 Qh5 14. Qg3
Rac8 15. h3 Rfd8 16. f4 Nf8 17. Be2 Qf5 18. Qf3 Qa5 19. g4 Ne8 20. Ne4 Ng6 21.
a3 Nf8 22. Bf2 Ng6 23. b4 Qa4 24. g5 a5 25. c5 axb4 26. axb4 Qxb4 27. Rb1 Qa5
28. Ra1 Qc7 29. Bg3 Qd7 30. Bf2 f5 31. Nc3 Ra8 32. Na4 Qc7 33. Be3 Qb8 34. Nb6
Rxa1 35. Rxa1 Nc7 36. Bc4 Nd5 37. Bxd5 exd5 38. Bd2 Bf8 39. Qd3 Nxf4 40. Qf3
Ng6 41. Ra3 Qc7 42. Qxf5 Re8 43. Qf2 Qe7 44. Be3 Qe6 45. Kh2 Re7 46. Qg3 Qe4
47. Bf2 Rf7 48. Ra2 Rf3 49. Qg4 Rf4 50. Qe2 Nh4 51. Qxe4 Rxe4 52. Ra8 Ng6 53.
Nd7 Re7 54. Nb6 Kf7 55. Rb8 Ke6 56. h4 Rf7 57. Bg3 Kf5 58. Nc8 Ke6 59. Kh3 Re7
60. h5 Nh8 61. Nb6 Rf7 62. Kg4 Rf1 63. Bf4 Kf7 64. Bd6 Rg1+ 65. Kh3 Rh1+ 66.
Kg2 Rxh5 67. Rxf8+ Ke6 68. Rxh8 Rxg5+ 69. Kf3 1-0

[Event "Europa ch 2014"]
[Site "Yerevan ARM"]
[Date "2014.03.13"]
[Round "10.127"]
[White "Bejashvili, Irma"]
[Black "Porfireanu, Serban"]
[Result "0-1"]
[WhiteElo "1749"]
[BlackElo "1903"]
[PlyCount "104"]
[EventDate "2014.03.03"]
[EventType "swiss"]
[EventRounds "11"]
[EventCountry "ARM"]
[Source "lmi"]
[SourceDate "2014.03.02"]

1. e4 d6 2. d4 g6 3. f4 Bg7 4. Nf3 Nf6 5. Nc3 O-O 6. Bd3 Bg4 7. O-O Nc6 8. d5
Nd4 9. Bc4 Nxf3+ 10. gxf3 Bh3 11. Rf2 c6 12. Be3 b5 13. Bb3 b4 14. Ne2 cxd5 15.
exd5 Qc7 16. Qd2 a5 17. a4 Nd7 18. c3 bxc3 19. Nxc3 Rfc8 20. Nb5 Qb7 21. Re1
Nc5 22. Bd1 Bf5 23. Bd4 Nd3 24. Bxg7 Kxg7 25. Ree2 Nxf2 26. Kxf2 Rc5 27. Nc3
Rac8 28. Qe3 Re8 29. h4 h5 30. Rd2 Qc8 31. Be2 e6 32. Bb5 Re7 33. Ne2 Qd8 34.
Qd4+ Kg8 35. dxe6 Rxe6 36. Kg3 Qf6 37. Qf2 Re7 38. Nd4 Bd7 39. Bxd7 Rxd7 40.
Nb3 Rf5 41. Rd4 Rb7 42. Nc1 Rb4 43. Rxb4 axb4 44. Qd2 Rc5 45. Ne2 Qe6 46. Nc1
Qc4 47. Ne2 Rd5 48. Qe3 b3 49. Qe8+ Kg7 50. Nc3 Rd2 51. Ne4 Qe2 52. Nxd6 Qg2#
0-1

[Event "Europa ch 2014"]
[Site "Yerevan ARM"]
[Date "2014.03.14"]
[Round "11.2"]
[White "Saric, Ivan"]
[Black "Fedoseev, Vladimir3"]
[Result "1/2-1/2"]
[WhiteElo "2661"]
[BlackElo "2641"]
[PlyCount "54"]
[EventDate "2014.03.03"]
[EventType "swiss"]
[EventRounds "11"]
[EventCountry "ARM"]
[Source "lmi"]
[SourceDate "2014.03.02"]

1. e4 c6 2. d4 d5 3. Nc3 dxe4 4. Nxe4 Bf5 5. Ng3 Bg6 6. h4 h6 7. Nf3 e6 8. h5
Bh7 9. Bd3 Bxd3 10. Qxd3 Nf6 11. Bd2 c5 12. O-O-O Nc6 13. Be3 Qa5 14. Qb3 Qb4
15. dxc5 Bxc5 16. Rhe1 Qxb3 17. axb3 Bxe3+ 18. Rxe3 Rd8 19. Rxd8+ Kxd8 20. Ne5
Nxe5 21. Rxe5 Kc7 22. Ne4 Nxe4 23. Rxe4 Kd6 24. Rd4+ Kc7 25. Rc4+ Kd6 26. Rd4+
Kc7 27. Rc4+ Kd6 1/2-1/2

[Event "Europa ch 2014"]
[Site "Yerevan ARM"]
[Date "2014.03.14"]
[Round "11.3"]
[White "Solak, Dragan"]
[Black "Lysyj, Igor"]
[Result "1/2-1/2"]
[WhiteElo "2610"]
[BlackElo "2655"]
[PlyCount "41"]
[EventDate "2014.03.03"]
[EventType "swiss"]
[EventRounds "11"]
[EventCountry "ARM"]
[Source "lmi"]
[SourceDate "2014.03.02"]

1. e4 e5 2. Nf3 Nc6 3. Bb5 Nf6 4. O-O Nxe4 5. d4 Nd6 6. Bxc6 dxc6 7. dxe5 Nf5
8. Qxd8+ Kxd8 9. h3 Ke8 10. Nc3 h5 11. Bf4 Be7 12. Rad1 Be6 13. Ng5 Rh6 14. g3
Bxg5 15. Bxg5 Rg6 16. Bf4 Nh4 17. Kh2 Nf3+ 18. Kg2 Nh4+ 19. Kh2 Nf3+ 20. Kg2
Nh4+ 21. Kh2 1/2-1/2

[Event "Europa ch 2014"]
[Site "Yerevan ARM"]
[Date "2014.03.14"]
[Round "11.5"]
[White "Wojtaszek, Radoslaw"]
[Black "Melkumyan, Hrant"]
[Result "1/2-1/2"]
[WhiteElo "2713"]
[BlackElo "2613"]
[PlyCount "57"]
[EventDate "2014.03.03"]
[EventType "swiss"]
[EventRounds "11"]
[EventCountry "ARM"]
[Source "lmi"]
[SourceDate "2014.03.02"]

1. Nf3 Nf6 2. c4 e6 3. Nc3 d5 4. d4 Be7 5. Bf4 O-O 6. e3 Nbd7 7. a3 c5 8. cxd5
Nxd5 9. Nxd5 exd5 10. dxc5 Nxc5 11. Be2 Bf6 12. Be5 Bxe5 13. Nxe5 Re8 14. Nf3
Qb6 15. Rc1 Ne6 16. Qd2 Rd8 17. Nd4 Nxd4 18. Qxd4 Qxd4 19. exd4 Be6 20. Kd2
Rac8 21. Bd3 Kf8 22. h4 h6 23. f3 Rxc1 24. Rxc1 Rc8 25. Re1 Ke7 26. Ke3 Rc6 27.
Kd2 Rc8 28. Ke3 Rc6 29. Kd2 1/2-1/2

[Event "Europa ch 2014"]
[Site "Yerevan ARM"]
[Date "2014.03.14"]
[Round "11.6"]
[White "Sargissian, Gabriel"]
[Black "Fressinet, Laurent"]
[Result "1/2-1/2"]
[WhiteElo "2676"]
[BlackElo "2709"]
[PlyCount "70"]
[EventDate "2014.03.03"]
[EventType "swiss"]
[EventRounds "11"]
[EventCountry "ARM"]
[Source "lmi"]
[SourceDate "2014.03.02"]

1. d4 d5 2. c4 c6 3. Nf3 Nf6 4. Qc2 g6 5. Bf4 dxc4 6. Qxc4 Bg7 7. e3 O-O 8. Be2
Be6 9. Qc2 Nd5 10. Bg3 Nb4 11. Qd2 c5 12. O-O N8c6 13. a3 Na6 14. Qc2 Qb6 15.
Nc3 cxd4 16. Na4 Qb3 17. Qxb3 Bxb3 18. Bxa6 bxa6 19. Nc5 Bc4 20. Rfc1 Be2 21.
Nxd4 Nxd4 22. exd4 Bxd4 23. Rc2 Rac8 24. Rxe2 Bxc5 25. Kf1 Rfd8 26. Rc1 Bd6 27.
Rec2 Rxc2 28. Rxc2 Bxg3 29. hxg3 Rb8 30. Rc7 Rxb2 31. Rxa7 Rb1+ 32. Ke2 Rb2+
33. Ke1 Rb1+ 34. Ke2 Rb2+ 35. Ke1 Rb1+ 1/2-1/2